000
00465nam a22001337a 4500
003
SGT
020
_a
9788122318667
082
_a
891.4309
_b
N11M
100
_a
मित्र, कृष्ण बिहारी
245
_a
न मेधया : श्री रामकृष्ण परमहंस के प्रेरक जीवन प्रसंग
260
_b
भारतीय ज्ञानपीठ
_c
2011
300
_a
160
942
_2
ddc
_c
BK
999
_c
31402
_d
31402